000
00358nam a2200169Ia 4500
008
230605s9999 xx 000 0 und d
041
_a
eng
100
_a
vaz
245
_a
marketing managment (vaz new
250
_a
1st
260
_b
manan prakashan
300
_a
139
365
_b
72
_h
10
500
_a
2160
520
_a
General
650
_a
M.M.
999
_c
419317
_d
419317